| 000 | 00312nam a2200109Ia 4500 | ||
|---|---|---|---|
| 008 | 230907s9999||||xx |||||||||||||| ||und|| | ||
| 082 |
_a532.05 _bENC |
||
| 245 | 0 | _aEncyclopedia of microfluidics and nanofluidics / | |
| 260 |
_aSpringer, _bNew York _c2015 |
||
| 300 | _a5 volumes (xxxix, 3535 pages) : | ||
| 942 | _cBK | ||
| 999 |
_c598215 _d598215 |
||